| 000 | 004450000a22001690004500 | ||
|---|---|---|---|
| 003 | MACL | ||
| 005 | 20160122162136.0 | ||
| 008 | 160122b xxu||||| |||| 00| 0 eng d | ||
| 040 |
_aMACL _cMACL |
||
| 041 | _aEnglish | ||
| 082 | _a005.73/PRE | ||
| 100 |
_aPreiss, Bruno R _934154 |
||
| 245 | _aData Structures And Algorithms | ||
| 260 |
_bJohn Wiley & Sons _c1999 _aNew Delhi |
||
| 650 |
_aComputer probraming _933182 |
||
| 942 |
_cBK _k005/Par _2ddc |
||
| 999 |
_c33551 _d33551 |
||